Online
Catalog

Babeque / (Record no. 60411)

MARC details
000 -CABECERA
campo de control de longitud fija 01260nas a2200253 i 4500
005 - FECHA Y HORA DE LA ÚLTIMA TRANSACCIÓN
campo de control 20260303104742.0
007 - CAMPO FIJO DE DESCRIPCIÓN FÍSICA--INFORMACIÓN GENERAL
campo de control de longitud fija ta
008 - DATOS DE LONGITUD FIJA--INFORMACIÓN GENERAL
campo de control de longitud fija 260303e1956 dr mn|p|r||||||0| | spa d
040 ## - FUENTE DE LA CATALOGACIÓN
Centro catalogador/agencia de origen DO-SdBNP
Lengua de catalogación spa
Centro/agencia transcriptor BNPHU
Normas de descripción rda
041 ## - CÓDIGO DE LENGUA
Código de lengua original spa
100 1# - ENTRADA PRINCIPAL--NOMBRE DE PERSONA
Nombre de persona Marrero Aristy, Ramón,
Fechas asociadas al nombre 1913-1959
9 (RLIN) 22324
Término indicativo de función/relación director
245 ## - MENCIÓN DE TÍTULO
Título Babeque /
Mención de responsabilidad, etc. Ramón Marrero Aristy.
264 ## - PRODUCCIÓN, PUBLICACIÓN, DISTRIBUCIÓN, FABRICACIÓN Y COPYRIGHT
Producción, publicación, distribución, fabricación y copyright Ciudad Trujillo, República Dominicana :
Nombre del de productor, editor, distribuidor, fabricante Mario Ferretti,
Fecha de producción, publicación, distribución, fabricación o copyright 1956-.
300 ## - DESCRIPCIÓN FÍSICA
Extensión volumen :
Otras características físicas ilustraciones, fotografías ;
Dimensiones 36 cm.
310 ## - PERIODICIDAD ACTUAL
Periodicidad actual Mensual.
336 ## - TIPO DE CONTENIDO
Término de tipo de contenido texto
Código de tipo de contenido txt
Fuente rdacontent
337 ## - TIPO DE MEDIO
Nombre/término del tipo de medio sin mediación
Código del tipo de medio n
Fuente rdamedia
338 ## - TIPO DE SOPORTE
Nombre/término del tipo de soporte volumen
Código del tipo de soporte nc
Fuente rdacarrier
362 ## - FECHAS DE PUBLICACIÓN Y/O DESIGNACIÓN SECUENCIAL
Fecha de publicación y/o designación secuencial Año I, Núm. 1, junio 1956.
500 ## - NOTA GENERAL
Nota general Catalogación basada en el: Año I, Núm. 1, 1956.
520 ## - SUMARIO, ETC.
Sumario, etc. Revista Babeque, director Ramón Marrero Aristy, subdirector Dr. Alberto Malagón. Acogida a la franquicia postal interna por Resolución de la Dirección General de Comunicaciones de fecha 25 de junio de 1956. Impresa en los talleres de la Editora del Caribe, C. por A. Dicha revista tenía un enfoque internacional. El primer número de la revista se publicó el 16 de mayo de 1956.
650 ## - PUNTO DE ACCESO ADICIONAL DE MATERIA--TÉRMINO DE MATERIA
9 (RLIN) 2834
Término de materia o nombre geográfico como elemento de entrada Literatura
Subdivisión de forma Publicaciones periódicas
Subdivisión geográfica República Dominicana
942 ## - ELEMENTOS DE PUNTO DE ACCESO ADICIONAL (KOHA)
Fuente del sistema de clasificación o colocación Dewey Decimal Classification
Tipo de ítem Koha Publicación periódica
Holdings
Estado de retiro Estado de pérdida Fuente del sistema de clasificación o colocación Estado dañado Restricciones de uso No para préstamo Código de colección Localización permanente Ubicación/localización actual Fecha de adquisición Enumeración/cronología de publicación seriada Total de préstamos Código de barras Fecha visto por última vez Número de copia Precio válido a partir de Tipo de ítem Koha
    Dewey Decimal Classification   Préstamo especial   Hemeroteca Biblioteca Nacional Pedro Henríquez Ureña Biblioteca Nacional Pedro Henríquez Ureña 03.03.2026 Año I, Núm. 1, junio 1956   2026-1609 03.03.2026 e.1 03.03.2026 Publicación periódica

Powered by Koha